Resource Management in Real-Time Systems and Networks (Record no. 190676)

MARC details
000 -LEADER
fixed length control field 00513nam a2200205Ia 4500
008 - FIXED-LENGTH DATA ELEMENTS--GENERAL INFORMATION
fixed length control field 240823s9999||||xx |||||||||||||| ||und||
020 ## - INTERNATIONAL STANDARD BOOK NUMBER
International Standard Book Number 81-203-2682-2
082 ## - DEWEY DECIMAL CLASSIFICATION NUMBER
-- 005.273 P1
100 ## - MAIN ENTRY--PERSONAL NAME
Personal name Siva Ram Murthy C
245 #0 - TITLE STATEMENT
Title Resource Management in Real-Time Systems and Networks
250 ## - EDITION STATEMENT
Edition statement 1st
260 ## - PUBLICATION, DISTRIBUTION, ETC. (IMPRINT)
Date of publication, distribution, etc 2001
Name of publisher, distributor, etc "PHI,New D"
500 ## - GENERAL NOTE
General note YES
650 ## - SUBJECT ADDED ENTRY--TOPICAL TERM
Topical term or geographic name as entry element Management
700 ## - ADDED ENTRY--PERSONAL NAME
Personal name Manimaran G
942 ## - ADDED ENTRY ELEMENTS (KOHA)
Item type Books
Holdings
Withdrawn status Lost status Damaged status Permanent location Current location Date acquired Source of acquisition Cost, normal purchase price Full call number Barcode Date last seen Koha item type
      CENTRAL LIBRARY, NOORUL ISLAM CENTRE FOR HIGHER EDUCATION CENTRAL LIBRARY, NOORUL ISLAM CENTRE FOR HIGHER EDUCATION 05/10/2012 Higginbothams Private Ltd 425.00 005.273 P1 42873 08/23/2024 Books
Visitors:
Copyright © 2024 Central Library NICHE.  All rights reserved.